000 00391cam a22001337a 4500
008 180718b1942 xxu||||| |||| 00| 0 eng d
082 _aB2 P344
245 _aIntroduction to politics
_cedited by Roy V. Peel and Joseph S. Roucek
260 _aNew York
_bThomasY. Crowell
_c1942
300 _axvi, 587p
650 _aPolitical science.
700 _aRoucek, Joseph S.
700 _aPeel, Roy V.
999 _c420105
_d420105